[Event "D72"]
[Site "Cleanchess.com Budapest HUN"]
[Date "2018.03.13"]
[Round "9.1"]
[White "Ilincic,Z"]
[Black "Riess,Alexander"]
[Result "1-0"]
[WhiteElo "2461"]
[BlackElo "2306"]

1.d4 Nf6 2.c4 g6 3.g3 Bg7 4.Bg2 d5 5.cxd5 Nxd5 6.e4 Nb6 7.Ne2 c5 8.dxc5 Qxd1+
9.Kxd1 Na4 10.Nbc3 Nxc3+ 11.Nxc3 Bxc3 12.bxc3 Bd7 13.Be3 Bc6 14.f3 Nd7 15.a4
O-O 16.Ke2 f5 17.Bh3 fxe4 18.Be6+ Kg7 19.f4 Kf6 20.Bb3 e6 21.Rad1 Rfd8 22.Rd6
Nf8 23.Rhd1 Ke7 24.f5 Rxd6 25.cxd6+ Kd7 26.f6 Ke8 27.g4 Kf7 28.g5 Nd7 29.h4
Ne5 30.Rh1 h5 31.gxh6 Kxf6 32.Bd4 Kf5 33.h7 {#r} 1-0

[Event "D45"]
[Site "Cleanchess.com Bushehr IRI"]
[Date "2018.03.14"]
[Round "7.4"]
[White "Gholami Orimi,Mahdi"]
[Black "Noroozi,O"]
[Result "0-1"]
[WhiteElo "2299"]
[BlackElo "2356"]

1.d4 d5 2.c4 c6 3.Nc3 Nf6 4.Nf3 e6 5.e3 Nbd7 6.Qc2 b6 7.b3 Bb7 8.Bb2 Be7 9.Be2
O-O 10.O-O c5 11.cxd5 exd5 12.Rfd1 Rc8 13.Rac1 Re8 14.Qb1 Bf8 15.Qa1 a6 16.Bf1
c4 17.bxc4 dxc4 18.a4 Nd5 19.Nxd5 Bxd5 20.Ne5 b5 21.axb5 axb5 22.Qb1 f6
23.Nxd7 Qxd7 24.Re1 Be4 25.Rc2 Qf5 26.Ree2 b4 27.Qd1 c3 28.Ba1 Bxc2 29.Rxc2
Qa5 30.Qb1 Ra8 31.Bc4+ Kh8 32.Rc1 Rec8 33.Bb3 c2 34.Qb2 Qxa1 {#R} 0-1

[Event "D37"]
[Site "Cleanchess.com Bushehr IRI"]
[Date "2018.03.13"]
[Round "6.4"]
[White "Noroozi,O"]
[Black "Mousavi,Se"]
[Result "0-1"]
[WhiteElo "2356"]
[BlackElo "2467"]

1.c4 e6 2.Nc3 d5 3.d4 Be7 4.Nf3 Nf6 5.cxd5 exd5 6.Bg5 Nbd7 7.e3 Nf8 8.Bd3 Ne6
9.Bh4 O-O 10.O-O g6 11.b4 Ng7 12.Qb3 Be6 13.b5 h6 14.h3 g5 15.Bg3 Ne4 16.Be5
f5 17.Rfc1 Bd6 18.Bxd6 cxd6 19.Nxd5 Kh8 20.Bc4 g4 21.hxg4 fxg4 22.Qc2 Bf5
23.Nh2 g3 24.fxg3 Nxg3 25.Bd3 Qh4 26.Nf4 N7h5 27.Nf3 Qg4 28.Nxh5 Qxh5 29.Nh2
Bxd3 30.Qxd3 Rf5 31.Rc2 Rg8 32.e4 Rf4 33.Re1 Qg6 34.d5 Nxe4 35.Rce2 Rg7 36.Nf3
Qg3 37.Qc4 Qxf3 38.Qc8+ Rf8 39.Qc1 Qf6 {#R} 0-1

[Event "D37"]
[Site "Cleanchess.com   INT"]
[Date "2018.03.13"]
[Round "1"]
[White "Sarana,A"]
[Black "Kiewra,K"]
[Result "1-0"]
[WhiteElo "2577"]
[BlackElo "2374"]

1.d4 d5 2.c4 e6 3.Nf3 Nf6 4.Nc3 Be7 5.Bf4 O-O 6.e3 b6 7.cxd5 Nxd5 8.Nxd5 exd5
9.Bd3 c5 10.b3 Ba6 11.O-O Bxd3 12.Qxd3 Nd7 13.Rfd1 Nf6 14.Rac1 Qc8 15.Qb5 Rd8
16.Ne5 Qe6 17.dxc5 Bxc5 18.b4 Bf8 19.Nc6 Rdc8 20.Nd4 Qd7 21.Qxd7 Nxd7 22.Nc6
Nf6 23.Be5 Nd7 24.Bb2 Nf6 25.Bxf6 gxf6 26.b5 a6 27.a4 axb5 28.axb5 Kg7 29.Rxd5
Ra2 30.h4 Rb2 31.Ra1 Bc5 32.Ra7 Rxb5 33.Nd8 Ra5 34.Rxf7+ Kg8 35.Rb7 Be7
36.Rxa5 bxa5 37.Rxe7 Rxd8 38.Ra7 Rd5 39.Kh2 Rb5 40.Kg3 h5 41.Kf4 Rc5 42.f3 Rb5
43.e4 Rc5 44.Ke3 Rb5 45.Kd4 Rb2 46.Rxa5 Rxg2 47.Rxh5 Kf7 48.Ke3 Rh2 49.Kf4 Kg6
50.Kg3 Kxh5 51.Kxh2 Kxh4 52.Kg2 f5 53.e5 Kg5 54.f4+ {#r} 1-0

[Event "D31"]
[Site "Cleanchess.com Baghdad IRQ"]
[Date "2018.03.18"]
[Round "8.6"]
[White "Bayarmaa,B"]
[Black "Zaibi,A"]
[Result "0-1"]
[WhiteElo "2222"]
[BlackElo "2389"]

1.d4 d5 2.c4 e6 3.Nc3 c6 4.Nf3 dxc4 5.e4 b5 6.a4 Bb4 7.Qc2 Bb7 8.Be2 a6 9.O-O
Nd7 10.Bd2 Be7 11.e5 Nh6 12.Bxh6 gxh6 13.Qd2 Bf8 14.Qf4 Nb6 15.d5 Nxd5 16.Nxd5
cxd5 17.axb5 axb5 18.Nd4 Bg7 19.Rxa8 Bxa8 20.Nxe6 fxe6 21.Ra1 Bb7 22.Bh5+ Kd7
23.Ra7 Kc8 24.Qf7 Qc7 25.Qxe6+ Kb8 26.Rxb7+ Qxb7 27.Qd6+ Qc7 28.Qxd5 Qxe5
29.Qd1 Qd4 {#R} 0-1

[Event "D26"]
[Site "Cleanchess.com Bushehr IRI"]
[Date "2018.03.13"]
[Round "6.2"]
[White "Ghaem Maghami,E"]
[Black "Mosadeghpour,Masoud"]
[Result "0-1"]
[WhiteElo "2530"]
[BlackElo "2535"]

1.d4 d5 2.Nf3 Nf6 3.c4 dxc4 4.e3 e6 5.Bxc4 a6 6.O-O b5 7.Bd3 Bb7 8.Qe2 Be7
9.e4 Nbd7 10.a4 b4 11.Rd1 c5 12.d5 exd5 13.e5 Ne4 14.e6 fxe6 15.Bxe4 dxe4
16.Ne5 Nxe5 17.Rxd8+ Rxd8 18.Bf4 Nd3 19.Bg5 Bxg5 20.Qh5+ g6 21.Qxg5 Rf8 22.Nd2
Rf5 23.Qh6 Rd7 24.Nc4 Bd5 25.Nb6 Rdf7 26.Nxd5 exd5 27.f3 Nf4 28.g4 Ne2+ 29.Kh1
Rxf3 30.Qg5 Nf4 31.Qe5+ Re7 32.Qd6 e3 33.Qxa6 e2 34.Re1 Rf1+ 35.Rxf1 e1=Q {#R}
0-1

[Event "D20"]
[Site "Cleanchess.com   INT"]
[Date "2018.03.13"]
[Round "1"]
[White "Flores Rios,M"]
[Black "Nyzhnyk,I"]
[Result "1-0"]
[WhiteElo "2529"]
[BlackElo "2601"]

1.d4 d5 2.c4 dxc4 3.e3 Nf6 4.Bxc4 e6 5.Nf3 a6 6.O-O b5 7.Be2 Bb7 8.a4 b4
9.Nbd2 Nbd7 10.a5 c5 11.Nc4 Qc7 12.Nfe5 Be7 13.Bd2 O-O 14.Rc1 Bd5 15.Bf3 Nxe5
16.Nxe5 Rab8 17.Qe2 Rfc8 18.Qxa6 c4 19.e4 Bb7 20.Qxc4 Qxa5 21.Qd3 Ba6 22.Nc4
Qd8 23.b3 Rb7 24.Rfd1 Rbc7 25.Bf4 Rd7 26.d5 Bc5 27.d6 Ne8 28.e5 f6 29.Bg4 f5
30.Be2 g5 31.Be3 Ng7 32.Bxc5 Rxc5 33.Qe3 Rc6 34.Bf3 Rc8 35.Nb6 f4 36.Rxc8 fxe3
37.Rxd8+ Rxd8 38.fxe3 h5 39.g4 Kh7 40.gxh5 Kh6 41.Bg4 Bb7 42.d7 Be4 43.Rd6 Bf5
44.Bxf5 Nxf5 45.Rxe6+ {#r} 1-0

[Event "D17"]
[Site "Cleanchess.com Budapest HUN"]
[Date "2018.03.13"]
[Round "9.4"]
[White "Farago,I"]
[Black "Nguyen Van Thanh"]
[Result "0-1"]
[WhiteElo "2378"]
[BlackElo "2317"]

1.d4 Nf6 2.c4 c6 3.Nc3 d5 4.Nf3 dxc4 5.a4 Bf5 6.Ne5 e6 7.f3 c5 8.dxc5 Qxd1+
9.Kxd1 Bxc5 10.e4 Bg6 11.Bxc4 O-O 12.Ke2 Rc8 13.Rd1 Nc6 14.Nxc6 Rxc6 15.Bb5
Rcc8 16.Be3 Bb4 17.Na2 Be7 18.Rac1 a6 19.Bd3 Kf8 20.Rxc8+ Rxc8 21.Rc1 Rxc1
22.Nxc1 Ke8 23.Nb3 Kd8 24.Nc5 Kc7 25.Bc4 Nd7 26.Nxd7 Kxd7 27.g4 f6 28.h3 Be8
29.b3 h5 30.Bd4 Bd6 31.Ke3 h4 32.f4 e5 33.fxe5 Bxe5 34.Bxe5 fxe5 35.b4 Kc7
36.a5 Bd7 37.Kf3 Bc8 38.Ke3 b6 39.axb6+ Kxb6 40.Kf3 g5 41.Ke3 Bd7 42.Kd2 Bc6
43.Kd3 Ba4 44.Kc3 Bd1 45.Bf1 Bf3 46.Kd3 Bh1 47.Ke3 a5 48.bxa5+ Kxa5 49.Kd3 Kb4
50.Ke3 Kc3 51.Ba6 Bg2 52.Bb5 Bxh3 53.Kf3 Kd2 {#R} 0-1

[Event "D15"]
[Site "Cleanchess.com Villava ESP"]
[Date "2018.03.18"]
[Round "8.1"]
[White "Del Rio de Angelis,S"]
[Black "Martinez Duany,L"]
[Result "1-0"]
[WhiteElo "2535"]
[BlackElo "2499"]

1.d4 d5 2.c4 c6 3.Nf3 Nf6 4.Nc3 a6 5.Bg5 e6 6.e3 Nbd7 7.Rc1 Be7 8.c5 O-O 9.Be2
e5 10.O-O h6 11.Bh4 exd4 12.exd4 Nh5 13.Bxe7 Qxe7 14.Re1 Qf6 15.g3 g6 16.Qd2
Kh7 17.Nd1 Re8 18.Ne3 Re4 19.Qd1 Ng7 20.Bd3 Re8 21.Kg2 Nf8 22.Ne5 Nge6 23.N3g4
Qg7 24.Qf3 f5 25.Bxf5 Ng5 26.Bxg6+ Kh8 27.Nf7+ Nxf7 28.Rxe8 Bxg4 29.Qxf7 Rxe8
30.Qxe8 Qf6 31.Qf7 Bf3+ 32.Kg1 Qxf7 33.Bxf7 Kg7 34.Be8 Ne6 35.Rc3 Be4 36.Rb3
Nxd4 37.Rxb7+ Kf8 38.Bh5 Ne6 39.b4 d4 40.Kf1 d3 41.Ke1 Bd5 42.Bf7 Nd8 43.Rb8
Kxf7 44.Rxd8 {#r} 1-0

[Event "D11"]
[Site "Cleanchess.com   INT"]
[Date "2018.03.13"]
[Round "1"]
[White "Vachier Lagrave,M"]
[Black "Libiszewski,F"]
[Result "1-0"]
[WhiteElo "2789"]
[BlackElo "2507"]

1.d4 d5 2.c4 c6 3.Nf3 Nf6 4.Qc2 g6 5.Bf4 Bf5 6.Qb3 Qb6 7.e3 Nbd7 8.Nc3 dxc4
9.Bxc4 Qxb3 10.Bxb3 e6 11.h3 Bg7 12.Ke2 Ne4 13.Rhd1 h5 14.Rac1 O-O 15.Nh4
Nxc3+ 16.bxc3 Bf6 17.Nxf5 gxf5 18.g4 fxg4 19.hxg4 hxg4 20.Rg1 Rfd8 21.Bh6 Nf8
22.Rxg4+ Ng6 23.f4 Bg7 24.Bxe6 {#r} 1-0

[Event "D11"]
[Site "Cleanchess.com   INT"]
[Date "2018.03.13"]
[Round "1"]
[White "Barsegyan,H"]
[Black "Gozzoli,Y"]
[Result "0-1"]
[WhiteElo "2464"]
[BlackElo "2576"]

1.d4 d5 2.c4 c6 3.e3 Nf6 4.Nf3 Bg4 5.Nc3 e6 6.Qb3 Qb6 7.Nh4 Bh5 8.h3 Be7 9.g4
Bg6 10.Nxg6 hxg6 11.g5 Nfd7 12.e4 dxc4 13.Qxc4 e5 14.Be3 exd4 15.Bxd4 Bc5
16.O-O-O Bxd4 17.Qxd4 Qxd4 18.Rxd4 Rh4 19.Be2 Ne5 20.Rhd1 Nbd7 21.Bg4 Nc5
22.b4 Nxg4 23.hxg4 Ne6 24.Rd7 Rb8 25.f3 Rh3 26.e5 Rxf3 27.Ne4 Rf4 28.Nc5 Rc4+
29.Kb2 Rxb4+ 30.Nb3 Rxg4 31.R7d6 Rxg5 32.Nd2 Rxe5 33.Nc4 Rd5 34.R6xd5 cxd5
35.Rxd5 Rd8 36.Ra5 a6 37.Ra3 Ke7 38.Rf3 f6 39.a4 b5 40.Na5 Rc8 41.axb5 axb5
42.Ka3 g5 43.Kb4 g4 44.Rg3 f5 45.Kxb5 Kf6 46.Nc4 Kg5 47.Nd6 Rc5+ 48.Kb4 Rd5
49.Nc4 f4 50.Rg1 g3 51.Re1 Nd4 52.Re7 g6 53.Kc3 g2 54.Re1 Nf3 {#R} 0-1

[Event "D11"]
[Site "Cleanchess.com Baghdad IRQ"]
[Date "2018.03.17"]
[Round "7.2"]
[White "Mirzoev,A"]
[Black "Alzaim,T"]
[Result "1-0"]
[WhiteElo "2501"]
[BlackElo "2215"]

1.d4 d5 2.Nf3 Nf6 3.c4 c6 4.Qc2 g6 5.Bf4 Bf5 6.Qb3 Qb6 7.e3 Nbd7 8.Nc3 Bg7
9.c5 Qxb3 10.axb3 O-O 11.h3 Ne4 12.b4 a6 13.Be2 Rae8 14.g4 Nxc3 15.bxc3 Be4
16.O-O Bxf3 17.Bxf3 e5 18.Bh2 Re6 19.Rad1 exd4 20.cxd4 Nf6 21.Be2 Ne4 22.Bd3
f5 23.Kg2 Rf7 24.gxf5 Rxf5 25.Bf4 Rf7 26.Bc2 g5 27.Bh2 h5 28.f3 Nc3 29.Rd3 Nb5
30.Bb3 Rd7 31.Bg3 Kh7 32.Bc2 Kh8 33.h4 Rde7 34.Bf2 Bf6 35.hxg5 Bxg5 36.f4 Bf6
37.Rh1 Rh7 38.Kf3 Kg7 39.Rdd1 Rh6 40.Rdg1+ Kf7 41.Rxh5 Rxh5 42.Bg6+ Kf8
43.Bxh5 Nc3 44.Bg4 Re7 45.Bf5 Ne4 46.Be1 Kf7 47.Rh1 Bg7 48.Bh4 Nf6 49.Rg1 Kf8
50.Bg6 Rc7 51.Rg5 Kg8 52.Re5 Kf8 53.Re6 Re7 54.Rd6 Rd7 55.Bxf6 Rxd6 56.Bxg7+
Kxg7 57.cxd6 Kxg6 58.d7 {#r} 1-0

[Event "D11"]
[Site "Cleanchess.com   INT"]
[Date "2018.03.13"]
[Round "1"]
[White "Dreev,A"]
[Black "Smirnov,Ant"]
[Result "0-1"]
[WhiteElo "2653"]
[BlackElo "2543"]

1.d4 d5 2.c4 c6 3.Nf3 Nf6 4.e3 Bg4 5.Nc3 e6 6.Qb3 Qb6 7.Nh4 Bh5 8.h3 Be7 9.g4
Bg6 10.Nxg6 hxg6 11.Bg2 g5 12.Bd2 Nbd7 13.O-O-O Qxb3 14.axb3 Nf8 15.e4 Nxe4
16.Nxe4 dxe4 17.Bxe4 O-O-O 18.Be3 Nd7 19.Bg2 Nb6 20.Kc2 Bf6 21.Rd2 Rd7 22.Ra1
Rhd8 23.Rxa7 Kb8 24.Ra5 Bxd4 25.Rxd4 Rxd4 26.Rxg5 g6 27.Ra5 Kc7 28.Ra1 e5
29.Re1 R4d7 30.Bg5 Re8 31.Bf6 Re6 32.g5 Nc8 33.h4 Rd4 34.Bxe5+ Rxe5 35.Rxe5
Rxh4 36.Re4 Rh2 37.Rg4 Ne7 38.Kc3 Nf5 39.b4 b6 40.b5 cxb5 41.Bd5 Rxf2 42.Re4
Nd6 43.Re7+ Kd8 44.Ra7 bxc4 45.Bc6 Kc8 46.Re7 Rf5 47.Rd7 Ne4+ 48.Kb4 Nxg5
49.Re7 Rf2 50.Kc3 Ne6 51.Bd5 Kd8 52.Rb7 Nc7 53.Bxc4 Rf6 54.Rb8+ Kd7 55.Rf8 Ke7
56.Rc8 Kd7 57.Rf8 Ne6 58.Rb8 Kc7 59.Re8 Nd8 60.Kd4 Nc6+ 61.Ke3 Rf5 62.Rf8 Ne5
63.Be2 Nd7 64.Rg8 Re5+ 65.Kd2 Re7 66.Bc4 Ne5 67.Be2 f6 68.b4 g5 69.Rf8 Rd7+
70.Ke3 Rd6 71.Ke4 Nc6 72.Rf7+ Kd8 73.b5 Ne7 74.Rf8+ Kc7 75.Bg4 Ng6 76.Rf7+ Kd8
77.Rg7 Ne7 78.Rh7 Ng6 79.Rg7 Nh4 80.Rg8+ Ke7 81.Rg7+ Kf8 82.Rb7 Ng6 83.Bd7 Ne7
84.Bg4 Kf7 85.Bh5+ Ke6 86.Be8 f5+ 87.Kf3 g4+ 88.Kg3 Kf6 89.Bd7 Kg5 90.Be8 f4+
91.Kf2 Re6 92.Bd7 g3+ 93.Kf1 Re3 94.Rxb6 f3 95.Bh3 Rb3 96.Re6 Rb1+ {#R} 0-1

[Event "D10"]
[Site "Cleanchess.com Bushehr IRI"]
[Date "2018.03.17"]
[Round "10.3"]
[White "Lorparizangeneh,S"]
[Black "Maghsoodloo,Parham"]
[Result "0-1"]
[WhiteElo "2506"]
[BlackElo "2601"]

1.d4 d5 2.c4 c6 3.Nc3 Nf6 4.cxd5 cxd5 5.Bf4 Nc6 6.e3 Bf5 7.Nf3 e6 8.Ne5 Nd7
9.Bb5 Ncxe5 10.Bxe5 a6 11.Bxd7+ Qxd7 12.O-O f6 13.Bg3 Rc8 14.Rc1 Be7 15.f3 O-O
16.e4 dxe4 17.fxe4 Bg6 18.Bf2 b5 19.Qb3 Rc4 20.a4 Rfc8 21.axb5 axb5 22.Ra1 Bb4
23.d5 Bxc3 24.Ra7 Qe8 25.bxc3 Bxe4 26.dxe6 Qg6 27.g3 Qg4 28.Bd4 Qh3 29.Qa2
Qxe6 30.Re1 Re8 31.Qa6 Qf5 32.Rf1 Qg5 33.Re1 h5 34.Qd6 Rc6 35.Qd7 Rce6 36.Qc7
Bd5 37.Rd1 Re1+ {#R} 0-1

[Event "D10"]
[Site "Cleanchess.com   INT"]
[Date "2018.03.13"]
[Round "1"]
[White "Kuybokarov,Temur"]
[Black "Dreev,A"]
[Result "0-1"]
[WhiteElo "2472"]
[BlackElo "2653"]

1.d4 d5 2.c4 c6 3.Nc3 Nf6 4.e3 Bf5 5.cxd5 cxd5 6.Qb3 Bc8 7.Nf3 e6 8.Ne5 Nbd7
9.f4 a6 10.Bd3 b5 11.O-O Bb7 12.a4 b4 13.Ne2 Bd6 14.Bd2 O-O 15.a5 Ne4 16.Bxb4
Bxb4 17.Qxb4 Rb8 18.Qa3 Ndf6 19.Nc3 h5 20.Rfc1 h4 21.b4 h3 22.g3 Nd2 23.Qa2
Nc4 24.Qf2 Ba8 25.Rab1 Qe7 26.Na2 Rfc8 27.Rc3 Rd8 28.Rbc1 Ne8 29.Nxc4 dxc4
30.Rxc4 Qb7 31.e4 Rd7 32.Qc2 Rbd8 33.Qc3 f5 34.Re1 Nd6 35.Qc2 fxe4 36.Bf1 e3
37.Rc6 Qxc6 38.Qxc6 Bxc6 39.Bxh3 Nf5 40.Bxf5 exf5 41.Rxe3 Rxd4 42.Rc3 Bb5 {#R}
0-1

[Event "D02"]
[Site "Cleanchess.com Baghdad IRQ"]
[Date "2018.03.17"]
[Round "6.2"]
[White "Araz,B"]
[Black "Mirzoev,A"]
[Result "0-1"]
[WhiteElo "2368"]
[BlackElo "2501"]

1.d4 d5 2.Nf3 Nf6 3.c4 e6 4.e3 Nbd7 5.b3 b6 6.cxd5 exd5 7.Bd3 Bb7 8.O-O Bd6
9.Bb2 O-O 10.Nbd2 Qe7 11.Rc1 a6 12.Qc2 Ne4 13.Bxe4 dxe4 14.Ne5 Nf6 15.Rfd1
Rfe8 16.Nec4 Nd5 17.Nxd6 cxd6 18.Nc4 Rad8 19.a4 Qg5 20.Qe2 h5 21.Ba3 Re6
22.Nd2 Rg6 23.Qf1 Qf5 24.Nb1 h4 25.Nc3 a5 26.Rd2 Nf6 27.Nb5 Nh7 28.d5 Ng5
29.Kh1 h3 30.g3 Ba6 31.Rc6 Bxb5 32.axb5 Nf3 33.Rd1 Ne5 34.Rxb6 Ng4 35.Kg1 Rf6
36.Bb2 Qxf2+ 37.Qxf2 Rxf2 38.Bd4 Rg2+ {#R} 0-1

[Event "D02"]
[Site "Cleanchess.com Kouty nad Desnou CZE"]
[Date "2018.03.17"]
[Round "11.4"]
[White "Zeman,Matyas"]
[Black "Stepan,Patrik"]
[Result "0-1"]
[WhiteElo "2240"]
[BlackElo "2226"]

1.d4 Nf6 2.Nf3 e6 3.Bf4 b6 4.e3 Bb7 5.Nbd2 d6 6.h3 Nbd7 7.c3 Qe7 8.Bh2 Rg8
9.Qc2 g5 10.O-O-O h5 11.e4 g4 12.Ne1 Bh6 13.f3 gxf3 14.gxf3 O-O-O 15.Kb1 Kb8
16.h4 e5 17.Nd3 Nh7 18.Bh3 Nhf8 19.Nc4 exd4 20.cxd4 Ne6 21.d5 Nec5 22.Nb4 Ne5
23.Nxe5 dxe5 24.Qc3 f6 25.Qa3 a5 26.Nc2 Rg7 27.Rhg1 Rdg8 28.Rxg7 Rxg7 29.Rg1
Bf4 30.Rxg7 Qxg7 31.Bxf4 exf4 32.Qc3 Qg3 33.Bf5 Qxh4 34.Nd4 Qh1+ 35.Qc1 Qg2
36.Ne6 Qxf3 37.Qxf4 Qd3+ 38.Kc1 Qc4+ 39.Kb1 Nd3 40.Qd2 Ne5 41.b3 Qf1+ 42.Qc1
Ba6 43.Qxf1 Bxf1 44.Kc2 Nf3 45.Kd1 h4 46.Nf4 Ba6 47.Ne6 Bc8 48.Ke2 Bxe6
49.Kxf3 Bxf5 50.exf5 Kc8 51.Kg4 Kd7 52.Kxh4 Kd6 {#R} 0-1

[Event "D02"]
[Site "Cleanchess.com Saint Louis USA"]
[Date "2018.03.14"]
[Round "9.4"]
[White "Ali Marandi,C"]
[Black "Grabinsky,Aaron"]
[Result "1-0"]
[WhiteElo "2538"]
[BlackElo "2375"]

1.Nf3 Nf6 2.d4 e6 3.Bf4 c5 4.e3 b6 5.Bd3 Bb7 6.h3 Be7 7.c3 O-O 8.Nbd2 d6 9.Qe2
cxd4 10.exd4 Nbd7 11.Bh2 Re8 12.O-O Qc7 13.Rfe1 Bf8 14.Rad1 a6 15.Ne4 Nxe4
16.Bxe4 Bxe4 17.Qxe4 Nf6 18.Qd3 b5 19.Nd2 Qb7 20.Re2 a5 21.Rde1 Rec8 22.Bg3 d5
23.Bh4 Ne8 24.Nf3 b4 25.Ng5 Nf6 26.Re3 h6 27.Nxe6 fxe6 28.Bxf6 gxf6 29.Rxe6
bxc3 30.bxc3 Qf7 31.f4 Ra7 32.Qf5 Kg7 33.R1e3 Qg6 34.Qxd5 Kh8 35.f5 Qf7 36.a4
Bg7 37.Qb5 Qd7 38.Qe2 Rac7 39.Re8+ Rxe8 40.Rxe8+ Kh7 41.Qh5 Qf7 42.Qxf7 Rxf7
43.c4 Rf8 44.Rxf8 Bxf8 45.c5 Kg8 46.Kf2 Kf7 47.g4 Ke7 48.Ke2 Kd7 49.Kd3 Be7
50.Kc4 Bd8 51.d5 Kc7 52.Kb5 Kd7 53.d6 {#r} 1-0

[Event "D02"]
[Site "Cleanchess.com Bushehr IRI"]
[Date "2018.03.13"]
[Round "6.3"]
[White "Tahbaz,Arash"]
[Black "Gholami Orimi,Mahdi"]
[Result "0-1"]
[WhiteElo "2455"]
[BlackElo "2299"]

1.d4 Nf6 2.Nf3 d5 3.Bf4 e6 4.e3 c5 5.c3 Nc6 6.Nbd2 Bd6 7.Bg3 O-O 8.Bd3 Qe7
9.Ne5 Nd7 10.Nxd7 Bxd7 11.Bxd6 Qxd6 12.dxc5 Qxc5 13.Bxh7+ Kxh7 14.Qh5+ Kg8
15.Ne4 Qb5 16.Ng5 Rfd8 17.Qxf7+ Kh8 18.O-O-O Qc4 19.Qh5+ Kg8 20.Qh7+ Kf8
21.Qh8+ Ke7 22.Qxg7+ Kd6 23.Nf7+ Kc7 24.Nxd8 Rxd8 25.Kb1 e5 26.Ka1 Kb6 27.Qf7
Bc8 28.f4 e4 29.Rd2 a5 30.Rhd1 a4 31.f5 a3 32.g4 Ka7 33.Qf6 Qc5 34.c4 d4
35.exd4 Qxc4 36.d5 e3 37.Rd3 e2 38.Rxa3+ Kb8 39.Rb1 Rxd5 40.Qh4 Qf4 41.Qe1 Nd4
42.Rc3 Qxg4 43.f6 Rf5 44.Rbc1 Be6 45.Rc7 Nc6 46.Re7 Rf1 47.f7 Rxf7 48.Rxf7
Bxf7 49.Qf2 Qe6 50.Qg3+ Kc8 51.Kb1 Qg6+ 52.Qxg6 Bxg6+ 53.Ka1 Kd7 54.b3 Nb4
55.Rg1 e1=Q+ 56.Rxe1 Nc2+ 57.Kb2 Nxe1 58.Kc3 Kc6 59.a4 Nf3 60.h3 Bf5 61.Kb4
Bxh3 {#R} 0-1

[Event "D02"]
[Site "Cleanchess.com   INT"]
[Date "2018.03.13"]
[Round "1"]
[White "Meier,Geo"]
[Black "Borisek,J"]
[Result "0-1"]
[WhiteElo "2648"]
[BlackElo "2576"]

1.Nf3 Nf6 2.g3 g6 3.Bg2 Bg7 4.O-O O-O 5.d4 d5 6.Bf4 c6 7.c3 Bf5 8.Nbd2 Nbd7
9.h3 Ne4 10.Qb3 Qb6 11.Rfd1 Rfe8 12.g4 Nxd2 13.Nxd2 Be6 14.e3 f5 15.gxf5 Bxf5
16.c4 Qxb3 17.axb3 e6 18.Bg3 Nf6 19.Be5 a6 20.b4 g5 21.Rdc1 Rad8 22.Nb3 Rd7
23.Nc5 Rf7 24.b3 h6 25.Ra2 Kh7 26.Rca1 Kg6 27.Kh2 Bf8 28.f3 Kh7 29.b5 axb5
30.cxb5 cxb5 31.Ra7 Nd7 32.Nxd7 Rxd7 33.Rc1 b4 34.Bf1 Rf7 35.Bb5 Rd8 36.Kg2
Bd6 37.Ra4 Bxe5 38.dxe5 d4 39.e4 Bg6 40.Rxb4 d3 41.Rd1 Bh5 42.Rxd3 Rxd3
43.Bxd3 Bxf3+ 44.Kg1 Rd7 45.Bc4 Bxe4 46.Bxe6 Re7 47.Bc8 Bc6 48.e6 Kg7 49.h4
Kf6 50.hxg5+ hxg5 51.Kf2 Bd5 52.Rb6 Bc6 53.b4 Ke5 54.Bd7 Kd5 55.Bxc6+ bxc6
56.b5 c5 57.Rb8 Rxe6 58.Kg3 Kc4 59.Kg4 Kb3 60.Kf5 Re7 61.Kxg5 c4 62.b6 c3
63.Rc8 c2 64.Kf5 Rb7 65.Rc6 Kb2 66.Ke5 c1=Q {#R} 0-1

[Event "D00"]
[Site "Cleanchess.com Port Elizabeth RSA"]
[Date "2018.03.17"]
[Round "8.2"]
[White "Luanja,Geoffrey"]
[Black "Grover,S"]
[Result "0-1"]
[WhiteElo "2300"]
[BlackElo "2484"]

1.d4 d5 2.Bg5 f6 3.Bh4 Nh6 4.e3 Nf5 5.Bd3 h5 6.Bxf5 Bxf5 7.f3 Nc6 8.Nc3 e6
9.Nge2 g5 10.Bf2 Qd7 11.e4 Bg6 12.O-O O-O-O 13.a3 Qh7 14.Re1 Bh6 15.Nc1 g4
16.Nb3 h4 17.Qe2 g3 18.hxg3 hxg3 19.Bxg3 Rdg8 20.Qd3 f5 21.Nc5 Be8 22.Ne2 fxe4
23.fxe4 Rf8 {#R} 0-1

[Event "C92"]
[Site "Cleanchess.com   INT"]
[Date "2018.03.13"]
[Round "1"]
[White "Zherebukh,Y"]
[Black "Liang,Awonder"]
[Result "1-0"]
[WhiteElo "2633"]
[BlackElo "2570"]

1.e4 e5 2.Nf3 Nc6 3.Bb5 a6 4.Ba4 Nf6 5.O-O Be7 6.Re1 b5 7.Bb3 d6 8.c3 O-O 9.h3
Bb7 10.d4 Re8 11.Nbd2 exd4 12.cxd4 Nd7 13.Nf1 Na5 14.Bc2 Bf6 15.Rb1 c5 16.d5
Nc4 17.b3 Nce5 18.N3h2 Ng6 19.Ng3 Nb6 20.Be3 a5 21.Bd3 b4 22.Bb5 Rf8 23.Ng4
Bc3 24.Bd2 Bxd2 25.Qxd2 Bc8 26.Rbc1 Bxg4 27.hxg4 h6 28.Nf5 Qf6 29.f4 a4 30.Qe3
Ne7 31.Nxe7+ Qxe7 32.Bc6 Ra5 33.e5 axb3 34.axb3 Nd7 35.exd6 Qxd6 36.Qe7 Qxe7
37.Rxe7 Nb6 38.d6 c4 39.bxc4 Rc5 40.Bb5 Nd5 41.Re5 Nxf4 42.Rxc5 Ne2+ 43.Kh2
Nxc1 44.d7 {#r} 1-0

[Event "C88"]
[Site "Cleanchess.com Budapest HUN"]
[Date "2018.03.12"]
[Round "8.4"]
[White "Szalanczy,E"]
[Black "Losonczi,Marcell"]
[Result "1-0"]
[WhiteElo "2209"]
[BlackElo "2265"]

1.e4 e5 2.Nf3 Nc6 3.Bb5 a6 4.Ba4 Nf6 5.O-O Be7 6.Re1 b5 7.Bb3 O-O 8.h3 Bb7
9.d3 d6 10.a3 Qd7 11.Nc3 Rfe8 12.Bg5 Nd8 13.d4 exd4 14.Nxd4 Nxe4 15.Nxe4 Bxe4
16.Rxe4 Bxg5 17.Qg4 Rxe4 18.Qxd7 Re7 19.Qg4 Bf6 20.Rd1 Re5 21.c3 h5 22.Qf3 Rc8
23.Kf1 c6 24.Re1 Rxe1+ 25.Kxe1 d5 26.Qxh5 Bxd4 27.cxd4 Ne6 28.Bc2 Re8 29.Qh7+
Kf8 30.Kd1 {#r} 1-0

[Event "C70"]
[Site "Cleanchess.com Budapest HUN"]
[Date "2018.03.13"]
[Round "9.2"]
[White "Losonczi,Marcell"]
[Black "Lyell,M"]
[Result "0-1"]
[WhiteElo "2265"]
[BlackElo "2296"]

1.e4 e5 2.Nf3 Nc6 3.Bb5 a6 4.Ba4 f5 5.d4 fxe4 6.Nxe5 Qf6 7.Nxc6 dxc6 8.O-O Qg6
9.Qe2 Bf5 10.d5 b5 11.Bb3 c5 12.c4 Bd6 13.cxb5 Nf6 14.f4 O-O 15.Nc3 e3 16.Bxe3
Bd3 17.Qf3 c4 18.Ba4 Ng4 19.bxa6 Bxf1 20.Rxf1 Qd3 21.Bc1 Bc5+ 22.Kh1 Rxa6
23.Bd7 Qxf3 24.gxf3 Nf2+ 25.Rxf2 Bxf2 26.f5 Bd4 27.a4 Bxc3 28.bxc3 Rb8 29.Bf4
Rd6 30.Bxd6 cxd6 31.Bb5 Kf7 32.Kg2 Kf6 33.Kf2 Ke5 34.Bxc4 Rc8 35.Bb5 Rxc3
36.Bc6 Kf4 37.Bb5 Rc2+ 38.Ke1 Rxh2 39.a5 Ra2 40.a6 h5 41.Bc4 Ra4 42.Bb5 Ra5
43.Bc4 h4 {#R} 0-1

[Event "C68"]
[Site "Cleanchess.com   INT"]
[Date "2018.03.13"]
[Round "1"]
[White "Smirnov,Ant"]
[Black "Sheng,Joshua"]
[Result "1-0"]
[WhiteElo "2543"]
[BlackElo "2408"]

1.e4 e5 2.Nf3 Nc6 3.Bb5 a6 4.Bxc6 dxc6 5.O-O Bg4 6.h3 h5 7.d3 Qf6 8.Be3 Bxf3
9.Qxf3 Qxf3 10.gxf3 Bd6 11.Nd2 Ne7 12.Rfb1 f6 13.b4 Ng6 14.Kf1 Nh4 15.Ke2 Kd7
16.a4 g5 17.c3 Rhb8 18.Nc4 Ke6 19.Ra2 Be7 20.d4 Bd6 21.Rd2 Ng6 22.Na5 exd4
23.cxd4 Ne7 24.Rc2 Kd7 25.Bd2 Ng6 26.Rb3 Bf4 27.Be3 Bxe3 28.fxe3 Ne7 29.Rbc3
Ke6 30.Kd3 Ra7 31.Rc1 Rd8 32.R3c2 Kd7 33.h4 gxh4 34.Rh1 b6 35.Nc4 Ng6 36.f4
Rg8 37.f5 Ne7 38.Rxh4 Rg5 39.Rch2 a5 40.b5 cxb5 41.axb5 a4 42.Na3 Rg1 43.Rh1
Rg2 44.R4h2 Rg3 45.Rxh5 Ra8 46.Rh7 Re8 47.Nc4 c6 48.Nxb6+ Kc7 49.Nxa4 cxb5
50.Nc5 Kb6 51.Nd7+ Kc6 52.Nxf6 Nxf5 53.Rc1+ Kb6 54.Nd5+ Ka6 55.Ra1# 1-0

[Event "C67"]
[Site "Cleanchess.com Baghdad IRQ"]
[Date "2018.03.15"]
[Round "3.1"]
[White "Tarlev,K"]
[Black "Ali,Ak"]
[Result "1-0"]
[WhiteElo "2546"]
[BlackElo "2242"]

1.e4 e5 2.Nf3 Nc6 3.Bb5 Nf6 4.O-O Nxe4 5.d4 Nd6 6.Bxc6 dxc6 7.dxe5 Nf5 8.Qxd8+
Kxd8 9.Nc3 Bd7 10.b3 Kc8 11.Bb2 h6 12.Rad1 b6 13.h3 Be6 14.g4 Ne7 15.Nd4 c5
16.Nxe6 fxe6 17.f4 g6 18.Ne4 Bg7 19.Kg2 a5 20.a4 Nd5 21.Rf3 Rd8 22.Kg3 Nb4
23.Rxd8+ Kxd8 24.c3 Nc6 25.Rd3+ Ke7 26.Bc1 Rd8 27.Rxd8 Nxd8 28.Kf3 Nc6 29.Ng3
Ke8 30.Ke4 Kf7 31.Be3 Bh8 32.h4 g5 33.h5 gxf4 34.Bxf4 Bg7 35.Nf1 Ne7 36.Nh2
Nd5 37.Bd2 b5 38.axb5 c4 39.bxc4 Nb6 40.Kd3 a4 41.Bc1 Bxe5 42.Nf3 Bd6 43.Bxh6
a3 44.Kc2 Nxc4 45.Kb3 e5 46.Bc1 Na5+ 47.Ka2 Nc4 48.Ng5+ {#r} 1-0

[Event "C65"]
[Site "Cleanchess.com Bushehr IRI"]
[Date "2018.03.13"]
[Round "5.2"]
[White "Firouzja,Alireza"]
[Black "Lorparizangeneh,S"]
[Result "1-0"]
[WhiteElo "2558"]
[BlackElo "2506"]

1.e4 e5 2.Nf3 Nc6 3.Bb5 Nf6 4.d3 Bc5 5.c3 d5 6.exd5 Qxd5 7.Bc4 Qd6 8.b4 Bb6
9.a4 a5 10.b5 Ne7 11.Ba3 Bc5 12.Qb3 Bxa3 13.Bxf7+ Kf8 14.Nxa3 Qxd3 15.Nc4 Nd7
16.Rd1 Qe4+ 17.Ne3 Qf4 18.Be6 e4 19.Ng1 Nf6 20.Rd8+ Ne8 21.Ne2 Qf6 22.Nd4 c5
23.bxc6 bxc6 24.Ng4 Qf4 25.Bxc8 Qc1+ 26.Ke2 Qxh1 27.Ne5 Nd5 28.Qa3+ {#r} 1-0